| 000 | 00524nam a2200193Ia 4500 | ||
|---|---|---|---|
| 003 | OSt | ||
| 005 | 20230608142532.0 | ||
| 008 | 210423s1979 xx 000 0 und d | ||
| 040 | _cAL | ||
| 082 |
_a307.72 SINR _223 |
||
| 100 |
_aSINGH (Rajbir) _9122661 |
||
| 245 | _aRural development administration | ||
| 260 |
_aNew Delhi _bAnmol Publications _c1979 |
||
| 365 |
_b700 _cINR |
||
| 650 |
_aRural Communities _9122662 |
||
| 650 |
_aSociology _9122663 |
||
| 906 | _aadministration ; development ; Rural | ||
| 942 |
_2ddc _cBK |
||
| 999 |
_c174015 _d174015 |
||